000 00336nam a22001457a 4500
008 221122b ||||| |||| 00| 0 eng d
020 _a9781435438675
041 _aeng
080 _2FOURTH EDITION
_a61
082 _a61 CUR
100 _a5
101 _aMJK
245 _aDIMENSIONAL ANALYSIS FOR MEDS
_cCURREN M.A
942 _2udc
_cBK
999 _c58998
_d58998